<?xml version="1.0" encoding="UTF-8"?>
<record
    xmlns:xsi="http://www.w3.org/2001/XMLSchema-instance"
    xsi:schemaLocation="http://www.loc.gov/MARC21/slim http://www.loc.gov/standards/marcxml/schema/MARC21slim.xsd"
    xmlns="http://www.loc.gov/MARC21/slim">

  <leader>00812    a2200169   4500</leader>
  <controlfield tag="003">OSt</controlfield>
  <controlfield tag="005">20250331161433.0</controlfield>
  <controlfield tag="008">241217b        |||||||| |||| 00| 0 eng d</controlfield>
  <datafield tag="020" ind1=" " ind2=" ">
    <subfield code="a">9788197849725</subfield>
  </datafield>
  <datafield tag="100" ind1=" " ind2=" ">
    <subfield code="a">Maurya, Archana</subfield>
    <subfield code="9">209185</subfield>
  </datafield>
  <datafield tag="245" ind1=" " ind2=" ">
    <subfield code="a">Textbook of Child Health Nursing -I</subfield>
  </datafield>
  <datafield tag="250" ind1=" " ind2=" ">
    <subfield code="a">1</subfield>
  </datafield>
  <datafield tag="260" ind1=" " ind2=" ">
    <subfield code="b">Aitbs Publisher</subfield>
    <subfield code="c">2025</subfield>
  </datafield>
  <datafield tag="500" ind1=" " ind2=" ">
    <subfield code="a">guidelines, focusing on the competencies, clinical guidelines, ensuring, applications through case studies, clinical scenarios, and skill-based exercises, Lear explanations, illustrations, and diagrams to facilitate ,neonates, growth and development including premature and full-term infants, covering, high-risk neonates, including those with congenital anomalies, infections, and metabolic disorders</subfield>
  </datafield>
  <datafield tag="650" ind1=" " ind2=" ">
    <subfield code="a">Child Health Nursing</subfield>
  </datafield>
  <datafield tag="942" ind1=" " ind2=" ">
    <subfield code="2">ddc</subfield>
    <subfield code="c">BK</subfield>
  </datafield>
  <datafield tag="999" ind1=" " ind2=" ">
    <subfield code="c">362275</subfield>
    <subfield code="d">362275</subfield>
  </datafield>
  <datafield tag="952" ind1=" " ind2=" ">
    <subfield code="0">0</subfield>
    <subfield code="1">0</subfield>
    <subfield code="2">ddc</subfield>
    <subfield code="4">0</subfield>
    <subfield code="7">0</subfield>
    <subfield code="a">SNCN</subfield>
    <subfield code="b">SNCN</subfield>
    <subfield code="d">2024-12-12</subfield>
    <subfield code="e">108</subfield>
    <subfield code="g">543.75</subfield>
    <subfield code="l">17</subfield>
    <subfield code="o">618.9200/MAU</subfield>
    <subfield code="p">SNCN-BK-3563</subfield>
    <subfield code="r">2026-03-09 17:19:04</subfield>
    <subfield code="s">2026-02-21</subfield>
    <subfield code="v">725.00</subfield>
    <subfield code="w">2024-12-12</subfield>
    <subfield code="y">BK</subfield>
    <subfield code="z">3563</subfield>
  </datafield>
  <datafield tag="952" ind1=" " ind2=" ">
    <subfield code="0">0</subfield>
    <subfield code="1">0</subfield>
    <subfield code="2">ddc</subfield>
    <subfield code="4">0</subfield>
    <subfield code="7">0</subfield>
    <subfield code="a">SNCN</subfield>
    <subfield code="b">SNCN</subfield>
    <subfield code="d">2024-12-12</subfield>
    <subfield code="e">108</subfield>
    <subfield code="g">543.75</subfield>
    <subfield code="l">16</subfield>
    <subfield code="m">2</subfield>
    <subfield code="o">618.9200/MAU</subfield>
    <subfield code="p">SNCN-BK-3564</subfield>
    <subfield code="q">2026-05-11</subfield>
    <subfield code="r">2026-03-17 16:27:58</subfield>
    <subfield code="s">2026-03-17</subfield>
    <subfield code="v">725.00</subfield>
    <subfield code="w">2024-12-12</subfield>
    <subfield code="y">BK</subfield>
    <subfield code="z">3564</subfield>
  </datafield>
  <datafield tag="952" ind1=" " ind2=" ">
    <subfield code="0">0</subfield>
    <subfield code="1">0</subfield>
    <subfield code="2">ddc</subfield>
    <subfield code="4">0</subfield>
    <subfield code="7">0</subfield>
    <subfield code="a">SNCN</subfield>
    <subfield code="b">SNCN</subfield>
    <subfield code="d">2024-12-12</subfield>
    <subfield code="e">108</subfield>
    <subfield code="g">543.75</subfield>
    <subfield code="l">1</subfield>
    <subfield code="o">618.9200/MAU</subfield>
    <subfield code="p">SNCN-BK-3566</subfield>
    <subfield code="r">2024-12-20 00:00:00</subfield>
    <subfield code="s">2024-12-19</subfield>
    <subfield code="v">725.00</subfield>
    <subfield code="w">2024-12-12</subfield>
    <subfield code="y">BK</subfield>
    <subfield code="z">3566</subfield>
  </datafield>
  <datafield tag="952" ind1=" " ind2=" ">
    <subfield code="0">0</subfield>
    <subfield code="1">0</subfield>
    <subfield code="2">ddc</subfield>
    <subfield code="4">0</subfield>
    <subfield code="7">0</subfield>
    <subfield code="a">SNCN</subfield>
    <subfield code="b">SNCN</subfield>
    <subfield code="d">2024-12-12</subfield>
    <subfield code="e">108</subfield>
    <subfield code="g">543.75</subfield>
    <subfield code="l">5</subfield>
    <subfield code="o">618.9200/MAU</subfield>
    <subfield code="p">SNCN-BK-3565</subfield>
    <subfield code="r">2026-03-16 15:42:20</subfield>
    <subfield code="s">2026-02-17</subfield>
    <subfield code="v">725.00</subfield>
    <subfield code="w">2024-12-12</subfield>
    <subfield code="y">BK</subfield>
    <subfield code="z">3565</subfield>
  </datafield>
  <datafield tag="952" ind1=" " ind2=" ">
    <subfield code="0">0</subfield>
    <subfield code="1">0</subfield>
    <subfield code="2">ddc</subfield>
    <subfield code="4">0</subfield>
    <subfield code="7">0</subfield>
    <subfield code="a">SNCN</subfield>
    <subfield code="b">SNCN</subfield>
    <subfield code="d">2024-12-12</subfield>
    <subfield code="e">108</subfield>
    <subfield code="g">543.75</subfield>
    <subfield code="l">4</subfield>
    <subfield code="o">618.9200/MAU</subfield>
    <subfield code="p">SNCN-BK-3567</subfield>
    <subfield code="q">2025-03-18</subfield>
    <subfield code="r">2025-03-03 00:00:00</subfield>
    <subfield code="s">2025-03-03</subfield>
    <subfield code="v">725.00</subfield>
    <subfield code="w">2024-12-12</subfield>
    <subfield code="y">BK</subfield>
    <subfield code="z">3567</subfield>
  </datafield>
</record>
